000 00345nas a2200157 a 4500
001 66175
003 139003
005 20201118110254.0
008 ||||||n9999 ||| || ||
041 _aeng
245 0 _aTime - Vol.153 No.25
260 _aEstados Unidos :
_bTime,
_c1999.
562 _e1
773 _021966
_aTime
942 _cSISS
999 _c66175
_d66175